Normal view
MARC view
- Managerial accounting - Cost accounting-Accounting - Jordan
Entry Topical Term
001 - CONTROL NUMBER
- control field: 64823
003 - CONTROL NUMBER IDENTIFIER
- control field: JO-AjAnu
005 - DATE AND TIME OF LATEST TRANSACTION
- control field: 20231210115415.0
008 - FIXED-LENGTH DATA ELEMENTS
- fixed length control field: 231210|| aca||babn | a|a d
040 ## - CATALOGING SOURCE
- Original cataloging agency: JO-AjAnu
150 ## - HEADING--TOPICAL TERM
- Linkage: Managerial accounting - Cost accounting-Accounting - Jordan
- Topical term or geographic name entry element: Managerial accounting - Cost accounting-Accounting - Jordan